MARC details
| 000 -LEADER |
| fixed length control field |
02807cgm a2200613Ia 4500 |
| 001 - CONTROL NUMBER |
| control field |
ocn643365790 |
| 003 - CONTROL NUMBER IDENTIFIER |
| control field |
OCoLC |
| 005 - DATE AND TIME OF LATEST TRANSACTION |
| control field |
20241220125616.0 |
| 007 - PHYSICAL DESCRIPTION FIXED FIELD--GENERAL INFORMATION |
| fixed length control field |
vd cvaizq |
| 008 - FIXED-LENGTH DATA ELEMENTS--GENERAL INFORMATION |
| fixed length control field |
100624s2010 cau974 g vleng d |
| 024 1# - OTHER STANDARD IDENTIFIER |
| Standard number or code |
024543695875 |
| 028 42 - PUBLISHER NUMBER |
| Publisher number |
2269587 |
| Source |
20th Century Fox |
| 035 ## - SYSTEM CONTROL NUMBER |
| System control number |
(OCoLC)643365790 |
| 037 ## - SOURCE OF ACQUISITION |
| Source of stock number/acquisition |
Midwest Tape |
| Note |
http://www.midwesttapes.com |
| 040 ## - CATALOGING SOURCE |
| Original cataloging agency |
TEFMT |
| Transcribing agency |
TEFMT |
| Modifying agency |
TEF |
| -- |
BKX |
| -- |
LEO |
| -- |
UINTA |
| Description conventions |
rda |
| 041 1# - LANGUAGE CODE |
| Language code of text/sound track or separate title |
eng |
| Language code of original and/or intermediate translations of text |
eng |
| 049 ## - LOCAL HOLDINGS (OCLC) |
| Holding library |
UCLB |
| 050 #4 - LIBRARY OF CONGRESS CALL NUMBER |
| Classification number |
PN1992.77 |
| Item number |
.G54 2010 |
| 082 04 - DEWEY DECIMAL CLASSIFICATION NUMBER |
| Classification number |
791.45/75 |
| Edition number |
22 |
| 092 ## - LOCALLY ASSIGNED DEWEY CALL NUMBER (OCLC) |
| Classification number |
791.457 |
| 245 00 - TITLE STATEMENT |
| Title |
Glee, the complete first season |
| Medium |
[videorecording]. |
| 260 ## - PUBLICATION, DISTRIBUTION, ETC. (IMPRINT) |
| Place of publication, distribution, etc |
Beverly Hills, Calif. : |
| Name of publisher, distributor, etc |
20th Century Fox Home Entertainment, |
| Date of publication, distribution, etc |
c2010. |
| 264 ## - Production, Publication, Distribution, Manufacture, and Copyright Notice. |
| Place of production, publication, distribution, manufacture |
Beverly Hills, Calif. : |
| Name of producer, publisher, distributor, manufacturer |
20th Century Fox Home Entertainment, |
| Date of production, publication, distribution, manufacture, or copyr |
c2010. |
| 300 ## - PHYSICAL DESCRIPTION |
| Extent |
7 videodiscs (974 min.) : |
| Other physical details |
sd., col. ; |
| Dimensions |
4 3/4 in. |
| 500 ## - GENERAL NOTE |
| General note |
Title from web. |
| 500 ## - GENERAL NOTE |
| General note |
Release date: Sep. 14, 2010. |
| 500 ## - GENERAL NOTE |
| General note |
Originally broadcast as a television series in 2009. |
| 500 ## - GENERAL NOTE |
| General note |
Special features on disc 4-7. |
| 505 8# - FORMATTED CONTENTS NOTE |
| Formatted contents note |
Disc. 1. Pilot ; Showmance ; Acafellas ; Preggers -- disc 2. The Rhodes not taken ; Vitamin-D ; Throwdown ; Mash-up -- disc 3. Wheels ; Ballad ; Hairography -- disc 4. Matress ; Sectionals -- disc 5. Hell-o ; The power of Madonna ; Home ; Bad reputation -- disc 6. Laryngitis ; Dream on ; Theatricality -- disc 7. Funk journey. |
| 511 1# - PARTICIPANT OR PERFORMER NOTE |
| Participant or performer note |
Jessalyn Gilsig, Jane Lynch, Chris Colfer, Matthew Morrison, Dianna Agron. |
| 520 ## - SUMMARY, ETC. |
| Summary, etc |
A talented group of high school misfits transforms into a performing sensation with the help of a dedicated teacher. Through laughter, tears, irreverent humor, and unforgettable music, they learn to follow their hearts and chase their dreams. |
| 538 ## - SYSTEM DETAILS NOTE |
| System details note |
DVD, widescreen presentation; Dolby Digital 5.1. |
| 546 ## - LANGUAGE NOTE |
| Language note |
English dialogue; English, French, Spanish or Portuguese subtitles. |
| 546 ## - LANGUAGE NOTE |
| Language note |
Closed-captioned. |
| 650 #0 - SUBJECT ADDED ENTRY--TOPICAL TERM |
| Topical term or geographic name as entry element |
Problem youth |
| Form subdivision |
Drama. |
| 9 (RLIN) |
5746821 |
| 650 #0 - SUBJECT ADDED ENTRY--TOPICAL TERM |
| Topical term or geographic name as entry element |
High school students |
| Form subdivision |
Drama. |
| 9 (RLIN) |
5674328 |
| 650 #0 - SUBJECT ADDED ENTRY--TOPICAL TERM |
| Topical term or geographic name as entry element |
Music in education |
| Form subdivision |
Drama. |
| 9 (RLIN) |
6440273 |
| 655 #0 - INDEX TERM--GENRE/FORM |
| Genre/form data or focus term |
Television series. |
| 9 (RLIN) |
6212017 |
| 655 #0 - INDEX TERM--GENRE/FORM |
| Genre/form data or focus term |
Television comedies. |
| 9 (RLIN) |
6212018 |
| 655 #0 - INDEX TERM--GENRE/FORM |
| Genre/form data or focus term |
Television musicals. |
| 9 (RLIN) |
5688211 |
| 655 #0 - INDEX TERM--GENRE/FORM |
| Genre/form data or focus term |
Fiction television programs. |
| 9 (RLIN) |
5673656 |
| 655 #0 - INDEX TERM--GENRE/FORM |
| Genre/form data or focus term |
Video recordings for the hearing impaired. |
| 9 (RLIN) |
6212019 |
| 700 1# - ADDED ENTRY--PERSONAL NAME |
| Personal name |
Gilsig, Jessalyn, |
| Dates associated with a name |
1971- |
| 9 (RLIN) |
5864516 |
| 700 1# - ADDED ENTRY--PERSONAL NAME |
| Personal name |
Lynch, Jane, |
| Dates associated with a name |
1960- |
| 9 (RLIN) |
5732056 |
| 700 1# - ADDED ENTRY--PERSONAL NAME |
| Personal name |
Colfer, Chris, |
| Dates associated with a name |
1990- |
| 9 (RLIN) |
5708233 |
| 700 1# - ADDED ENTRY--PERSONAL NAME |
| Personal name |
Morrison, Matthew, |
| Dates associated with a name |
1978- |
| 9 (RLIN) |
5864517 |
| 700 1# - ADDED ENTRY--PERSONAL NAME |
| Personal name |
Agron, Dianna, |
| Dates associated with a name |
1986- |
| 9 (RLIN) |
5775356 |
| 710 2# - ADDED ENTRY--CORPORATE NAME |
| Corporate name or jurisdiction name as entry element |
Twentieth Century Fox Home Entertainment, Inc. |
| 9 (RLIN) |
61951 |
| 730 0# - ADDED ENTRY--UNIFORM TITLE |
| Uniform title |
Glee (Television program) |
| 9 (RLIN) |
6212020 |
| 942 ## - ADDED ENTRY ELEMENTS (KOHA) |
| Koha item type |
DVD |
| Source of classification or shelving scheme |
Dewey Decimal Classification |